000 01208nam a2200229 a 4500
999 _c1800
_d1800
003 AR-BaISA
005 20250430135153.0
007 ta
008 250430s1998 ag ||||f |||| 000 0 spa d
020 _a9879579674
040 _bspa
_cAR-BaISA
082 0 4 _222
_a150.195 2 L965
100 _93709
_aLutenberg, Jaime
_eaut.
245 1 3 _aEl psicoanalista y la verdad:
_buso clínico del sentido de verdad en la práctica del psicoanálisis y de las psicoterapias en general /
_cJaime Lutenberg
260 _aBuenos Aires:
_bEdiciones Publikar,
_c1998
300 _a431 p.
504 _aBibliografía p.: 421-431
505 _tPerspectiva filosófica de la verdad --
_tEl problema de la verdad histórica --
_tPerspectivas de al verdad psicoanalítica. La verdad perceptual --
_tLa verdad psicodinámica --
_tLa verdad transferencial --
_tLa teoría de Bion y el problema de la verdad --
_tEl vínculo del psicoanalista con el saber y la verdad --
_tLa verdad y la tolerancia científica --
_tLas doce premisas que tipifican la nueva ética profesional propuesta por Popper --
_tConclusiones finales
650 1 4 _9141
_aPsicoanálisis
650 1 4 _93710
_aEsclarecimiento de la verdad
942 _2ddc
_cLI
_e22